000 00594nam a22002297a 4500
003 UA-OsUOA
001 97388
007 ta
008 20130329b un ||||| |||| 00| 0 ukr d
100 _aНесін А.
090 _a821.512.161
_bН55
942 _cBK
040 _aUA-OsUOA
_bukr
_cUA-OsUOA
_dUA-OsUOA
245 _aНа каруселі
_bоповідання
300 _a314 с.
955 _a3
041 _aukr
080 _a821.512.161
260 _aК.
_bДніпро
_c1979
650 7 _a82 Література. Літературознавство
_2UDC
999 _c383637
_d383637